UBT Library

Apache server bible / (Record no. 44384)

000 -LEADER
fixed length control field 00732cam a2200253 a 4500
001 - CONTROL NUMBER
control field 729428
005 - DATE AND TIME OF LATEST TRANSACTION
control field 20180308034159.0
008 - FIXED-LENGTH DATA ELEMENTS--GENERAL INFORMATION
fixed length control field 980728s1998 caua 001 0 eng d
010 ## - LIBRARY OF CONGRESS CONTROL NUMBER
LC control number 98071158
020 ## - INTERNATIONAL STANDARD BOOK NUMBER
International Standard Book Number 0764532189
035 ## - SYSTEM CONTROL NUMBER
System control number (OCoLC)39858450
040 ## - CATALOGING SOURCE
Original cataloging agency CL
Transcribing agency CL
Modifying agency DLC
041 ## - LANGUAGE CODE
Language code of text/sound track or separate title eng
042 ## - AUTHENTICATION CODE
Authentication code lccopycat
080 ## - UNIVERSAL DECIMAL CLASSIFICATION NUMBER
Universal Decimal Classification number 005.7137
082 00 - DEWEY DECIMAL CLASSIFICATION NUMBER
Classification number 005.7137 KAB
Edition number 21
100 1# - Rafti
Rafti 30
101 ## - Shkurtesa
Shkurtesa SHKI
245 10 - TITLE STATEMENT
Title Apache server bible /
Statement of responsibility, etc Mohammed J. Kabir.
906 ## - LOCAL DATA ELEMENT F, LDF (RLIN)
a 7
b cbc
c copycat
d 2
e opcn
f 19
g y-gencatlg
942 ## - ADDED ENTRY ELEMENTS (KOHA)
Source of classification or shelving scheme
Item type Books
Holdings
Withdrawn status Lost status Source of classification or shelving scheme Damaged status Not for loan Collection code Permanent location Current location Shelving location Date acquired Total Checkouts Full call number Barcode Date last seen Price effective from Koha item type
          Koleksioni i përgjithshem UBT - Lipjan UBT - Lipjan Koleksioni i përgjithshem 03/08/2018   005.7137 KAB 002-3000932 03/08/2018 03/08/2018 Books
UBT Library © 2015-2024. All rights reserved University Education for Business and Technology